000 00612nam a2200169 4500
999 _c164987
_d164987
005 20190531144316.0
010 _aENG-125432
020 _a8185835667
_c600.00
035 _aEN-108964
037 _bDBAD/PUB
082 _a320.809
245 _aRural local self-government in India :
_ced. by Ranjit Singh Ghuman [and] Sukhwinder Singh
_bsome developmental experiences /
260 _aChandigarh
_bCentre for research in Rural and Industrial Development (CRRID)
_c2013
270 _aSector-19A, Madhya Marg
_bChandigarh
_e160019
300 _a259p.
_c24cm(Hb)
942 _2ddc
_cEN
_h320.809
_mRUR